000
00291nam a2200121Ia 4500
008
190216s9999||||xx |||||||||||||| ||und||
100
_a
Stonier A W & Hague Dc
245
0
_a
Text Book Of Economic Theory
260
_b
Longmans
_c
1976
300
_a
680p
650
_a
Economics
942
_c
BK
999
_c
9664
_d
9664